| 000 | 01422cam a22003977a 4500 | ||
|---|---|---|---|
| 003 | CHAP | ||
| 005 | 20220817041044.0 | ||
| 008 | 971013s1991 r 00010 d | ||
| 010 | _a5459 | ||
| 011 | _a6431 | ||
| 035 | _a5651 | ||
| 040 | _cCHAP | ||
| 082 |
_a382 _bC35 |
||
| 100 | 0 | 0 |
_aCalva Téllez, José Luis. _917594 |
| 245 | 0 | _aProbables efectos de un Tratado de Libre Comercio en el campo mexicano | |
| 260 |
_aMéxico, D.F. : _bFontamara, _c1991 |
||
| 300 | _a167 p. | ||
| 490 | 0 |
_aFontamara _v; 134 |
|
| 590 |
_aBATCH-UPD _b10 _c20130110 _lUCH01 _h1046 |
||
| 590 |
_aBATCH-UPD _b10 _c20130410 _lUCH01 _h0645 |
||
| 590 |
_aBATCH-UPD _b10 _c20130914 _lUCH01 _h1012 |
||
| 590 |
_aCONVERSION _b10 _c20130109 _lUCH01 _h1304 |
||
| 650 | 1 | 4 |
_aCanadá _xComercio _xMéxico. _918230 |
| 650 | 1 | 4 |
_aComercio. _925557 |
| 650 | 1 | 4 |
_aE.U.A. _xComercio _xMéxico. _934837 |
| 650 | 1 | 4 |
_aProductos agrícolas _xAspectos económicos _zPuebla. _991920 |
| 650 | 1 | 4 |
_aProductos agrícolas _xExportación. _991945 |
| 650 | 1 | 4 |
_aProductos agrícolas _xImportación. _991948 |
| 650 | 1 | 4 | _aTratado Trilateral de Libre Comercio. |
| 830 | 0 |
_aFontamara _v; 134 _942160 |
|
| 901 | _aBK | ||
| 942 | _cLIBRO | ||
| 949 |
_a382 C35 _bBC _cLIBRO _d-15238 _eLIBRO _h82166 _i5651 _si |
||
| 949 |
_a382 C35 _bBC _cLIBRO _d33724000584017 _eLIBRO _fc.2 _h92704 _i5651 _kDonaciØn _si |
||
| 949 |
_a382 C35 _bBC _cLIBRO _d33724002132132 _eLIBRO _fc.3 _gI.c/e _h111278 _i5651 _si |
||
| 999 |
_c5459 _d5459 |
||